00454nam a2200157Ia 4500008004100000020001400041082001400055100002100069245004500090250000700135260004800142300002800190500000700218600002100225650005000246240925s9999 xx 000 0 und d a716782650 a006.3 SHE aShen , Wei - Min 0aAutonomous Learning from the Environment aNA aLosAlamitos:bIEEE Computer Societyc,1994. axix,355p.bNAfOriginal aNA aComputer Science aComputer science, information & general works